Rupert Sheldrake en de hemel: theologische verkenningen in een dissidente kosmologie
| Main Author: | |
|---|---|
| Format: | Print Article |
| Language: | Dutch |
| Check availability: | HBZ Gateway |
| Interlibrary Loan: | Interlibrary Loan for the Fachinformationsdienste (Specialized Information Services in Germany) |
| Published: |
2002
|
| In: |
Gereformeerd theologisch tijdschrift
Year: 2002, Volume: 102, Issue: 3, Pages: 141-152 |
| Standardized Subjects / Keyword chains: | B
Sheldrake, Rupert 1942-
/ Cosmology
/ Creation belief
|
| IxTheo Classification: | CF Christianity and Science NBD Doctrine of Creation |
MARC
| LEADER | 00000caa a22000002c 4500 | ||
|---|---|---|---|
| 001 | 1643975633 | ||
| 003 | DE-627 | ||
| 005 | 20220616115718.0 | ||
| 007 | tu | ||
| 008 | 160405s2002 xx ||||| 00| ||dut c | ||
| 035 | |a (DE-627)1643975633 | ||
| 035 | |a (DE-576)465845088 | ||
| 035 | |a (DE-599)BSZ465845088 | ||
| 040 | |a DE-627 |b ger |c DE-627 |e rakwb | ||
| 041 | |a dut | ||
| 084 | |a 1 |2 ssgn | ||
| 100 | 1 | |0 (DE-627)1247603113 |0 (DE-576)177603119 |4 aut |a Jong, Stephan de | |
| 109 | |a Jong, Stephan de |a DeJong, Stephan | ||
| 245 | 1 | 0 | |a Rupert Sheldrake en de hemel |b theologische verkenningen in een dissidente kosmologie |
| 264 | 1 | |c 2002 | |
| 336 | |a Text |b txt |2 rdacontent | ||
| 337 | |a ohne Hilfsmittel zu benutzen |b n |2 rdamedia | ||
| 338 | |a Band |b nc |2 rdacarrier | ||
| 601 | |a Dissident | ||
| 652 | |a CF:NBD | ||
| 689 | 0 | 0 | |d p |0 (DE-588)11903526X |0 (DE-627)079824137 |0 (DE-576)163057753 |2 gnd |a Sheldrake, Rupert |d 1942- |
| 689 | 0 | 1 | |d s |0 (DE-588)4114294-9 |0 (DE-627)105823236 |0 (DE-576)209483431 |2 gnd |a Kosmologie |
| 689 | 0 | 2 | |d s |0 (DE-588)4129603-5 |0 (DE-627)105708739 |0 (DE-576)209611871 |2 gnd |a Schöpfungsglaube |
| 689 | 0 | |5 (DE-627) | |
| 773 | 0 | 8 | |i In |t Gereformeerd theologisch tijdschrift |d Kampen : Kok, 1912 |g 102(2002), 3, Seite 141-152 |w (DE-627)129882984 |w (DE-600)300309-7 |w (DE-576)015179397 |x 0016-8610 |7 nnas |
| 773 | 1 | 8 | |g volume:102 |g year:2002 |g number:3 |g pages:141-152 |
| 935 | |a mteo | ||
| 951 | |a AR | ||
| ELC | |b 1 | ||
| ITA | |a 1 |t 1 | ||
| LOK | |0 000 xxxxxcx a22 zn 4500 | ||
| LOK | |0 001 3309920151 | ||
| LOK | |0 003 DE-627 | ||
| LOK | |0 004 1643975633 | ||
| LOK | |0 005 20160405134355 | ||
| LOK | |0 008 160404||||||||||||||||ger||||||| | ||
| LOK | |0 040 |a DE-Tue135 |c DE-627 |d DE-Tue135 | ||
| LOK | |0 092 |o n | ||
| LOK | |0 852 |a DE-Tue135 | ||
| LOK | |0 852 1 |9 00 | ||
| LOK | |0 935 |a ixzs |a ixmi | ||
| LOK | |0 936ln |0 144204389X |a CF | ||
| LOK | |0 936ln |0 1442051531 |a NBD | ||
| LOK | |0 939 |a 04-04-16 |b l01 | ||
| ORI | |a SA-MARC-ixtheoa001.raw | ||
| STA | 0 | 0 | |a Cosmology,Cosmology,Creation belief,Belief in creation |
| STB | 0 | 0 | |a Cosmologie,Cosmologie,Foi en la création,Croyance à la création,Croyance à la création |
| STC | 0 | 0 | |a Cosmología,Cosmología,Fe en la creación |
| STD | 0 | 0 | |a Cosmologia,Cosmologia,Fede nella creazione |
| STE | 0 | 0 | |a 创世信仰,对创世的信仰,宇宙论,宇宙论,宇宙哲学,宇宙哲学 |
| STF | 0 | 0 | |a 創世信仰,對創世的信仰,宇宙論,宇宙論,宇宙哲學,宇宙哲學 |
| STG | 0 | 0 | |a Cosmologia,Cosmologia,Fé na criação |
| STH | 0 | 0 | |a Вера в божественное сотворение мира,Космология (мотив),Космология |
| STI | 0 | 0 | |a Κοσμολογία (μοτίβο),Κοσμολογία,Πίστη στη δημιουργία |
| SYG | 0 | 0 | |a Sheldrake, A. R.,1942-,Sheldrake, A. Rupert,1942- , Evolution,Weltall,Weltall,Weltall,Weltentstehung , Schöpfung |